000 01264nam a2200313 a 4500
001 ebr10441068
003 CaPaEBR
006 m u
007 cr cn|||||||||
008 110207s2010 enka s 001 0 eng d
020 _z9781849510806
020 _z9781849510813 (e-book)
040 _aCaPaEBR
_cCaPaEBR
035 _a(OCoLC)654812120
050 1 4 _aTK5105.8885.D78
_bG74 2010eb
100 1 _aGreen, J. Ayen.
245 1 0 _aDrupal 6 attachment views
_h[electronic resource] :
_buse multiple-display views to add functionality and value to your site! /
_cJ. Ayen Green.
260 _aBirmingham [England] :
_bPackt Pub.,
_c2010.
300 _aiv, 276 p. :
_bill. (some col.).
490 1 _aFrom technologies to solutions
500 _aIncludes index.
533 _aElectronic reproduction.
_bPalo Alto, Calif. :
_cebrary,
_d2011.
_nAvailable via World Wide Web.
_nAccess may be limited to ebrary affiliated libraries.
630 0 0 _aDrupal (Computer file)
650 0 _aWeb site development.
655 7 _aElectronic books.
_2local
710 2 _aebrary, Inc.
830 0 _aFrom technologies to solutions.
856 4 0 _uhttp://site.ebrary.com/lib/rucke/Doc?id=10441068
_zAn electronic book accessible through the World Wide Web; click to view
999 _c134995
_d134995